000 00627nam a2200265Ia 4500
005 20260121165449.0
008 008 260114s9999 xx 000 0 eng d
020 _a9783319398204
037 _aEBOOK
040 _aCRL
040 _beng
040 _cCRL
041 _2eng
041 _aeng
084 _qCRL
100 _aShuanggen Jin, Riccardo Barzaghi
_91052033
245 0 _aIGFS 2014
260 _bSpringer
260 _bSpringer
260 _c2016
856 _uhttps://link.springer.com/openurl?genre=book&isbn=978-3-319-39820-4
942 _cEBOOK
999 _c1617758
_d1617758